Comparación de perfiles de ansiedad matemática entre estudiantes mexicanos y estudiantes alemanes (Record no. 201548)
[ view plain ]
| 000 -CABECERA | |
|---|---|
| campo de control de longitud fija | 01827cab a2200313 ab4500 |
| 005 - FECHA Y HORA DE LA ÚLTIMA TRANSACCIÓN | |
| campo de control | 20241203132414.0 |
| 008 - ELEMENTOS DE LONGITUD FIJA--INFORMACIÓN GENERAL | |
| campo de control de longitud fija | 991125c2017 mx tr p o 000 0 spa d |
| 035 ## - NÚMERO DE CONTROL DEL SISTEMA | |
| Número de control de sistema | UPN01000229453 |
| 040 ## - FUENTE DE LA CATALOGACIÓN | |
| Centro catalogador/agencia de origen | MX-MxUPN |
| Lengua de catalogación | spa |
| Centro/agencia transcriptor | MX-MxUPN |
| Normas de descripción | aacr2 |
| 049 ## - COLECCIÓN | |
| Colección | ART-E |
| 100 1# - ASIENTO PRINCIPAL--NOMBRE PERSONAL | |
| Nombre de persona | Eccius Wellmann, Cristina |
| Enlace | - ceccius@up.edu.mx |
| 100 1# - ASIENTO PRINCIPAL--NOMBRE PERSONAL | |
| Nombre de persona | Lara Barragán, Antonio G. |
| 100 1# - ASIENTO PRINCIPAL--NOMBRE PERSONAL | |
| Nombre de persona | Freitag, Bastian |
| 100 1# - ASIENTO PRINCIPAL--NOMBRE PERSONAL | |
| Nombre de persona | Freitag, Stefan |
| 245 10 - MENCIÓN DE TÍTULO | |
| Título | Comparación de perfiles de ansiedad matemática entre estudiantes mexicanos y estudiantes alemanes |
| 506 0# - NOTA DE RESTRICCIONES AL ACCESO | |
| Limitaciones de acceso | Acceso abierto |
| 520 3# - NOTA DE RESUMEN, ETC. | |
| Sumario, etc. | Se determinan los perfiles de ansiedad matemática de estudiantes mexicanos y estudiantes alemanes por medio de la aplicación de un cuestionario desarrollado ex profeso. La ansiedad matemática se define en términos de tres descriptores: creencias, actitudes y emociones. Los autores definen un Índice de Ansiedad Matemática, al aplicarlo encuentran que los estudiantes alemanes presentan un valor mayor de dicho Índice, lo que significa que tienen una mayor nivel de ansiedad matemática. Las diferencias en los valores del Índice de Ansiedad Matemática se interpretan en términos de diferencias culturales. La interpretación parece ser consistente con las diferencias culturales y se ajusta a los resultados obtenidos. RIES |
| 653 0# - TERMINO DE INDIZACION - NO CONTROLADO | |
| Término no controlado | Ansiedad ante las matemáticas |
| 653 0# - TERMINO DE INDIZACION - NO CONTROLADO | |
| Término no controlado | Educación comparada |
| 653 0# - TERMINO DE INDIZACION - NO CONTROLADO | |
| Término no controlado | Diferencias culturales |
| 653 0# - TERMINO DE INDIZACION - NO CONTROLADO | |
| Término no controlado | Creencias |
| 653 0# - TERMINO DE INDIZACION - NO CONTROLADO | |
| Término no controlado | Emociones |
| 773 ## - ENLACE AL DOCUMENTO FUENTE/ENTRADA DE REGISTRO ANFITRIÓN | |
| Parte(s) relacionada(s) | Vol. 8, no. 23 (2017), p. 69-83 |
| Título | Revista iberoamericana de educación superior |
| Número Internacional Normalizado para Publicaciones Seriadas | 2007-2872 |
| 856 4# - LOCALIZACIÓN Y ACCESO ELECTRÓNICOS | |
| Identificador Uniforme del Recurso | <a href="https://www.ries.universia.unam.mx/index.php/ries/article/view/246">https://www.ries.universia.unam.mx/index.php/ries/article/view/246</a> |
| 856 4# - LOCALIZACIÓN Y ACCESO ELECTRÓNICOS | |
| Identificador Uniforme del Recurso | <a href=" https://doi.org/10.22201/iisue.20072872e.2017.23.246"> https://doi.org/10.22201/iisue.20072872e.2017.23.246</a> |
| 902 ## - ELEMENTOS DE DATOS B LOCAL, LDB (RLIN) | |
| Creó | Leonor Sotres/031224 |
| 905 ## - TIPO DE MATERIAL | |
| Tipo de material | Articulo |
| 942 ## - ELEMENTOS DE PUNTO DE ACCESO ADICIONAL (KOHA) | |
| Tipo de ítem Koha | Artículo Electrónico |
| Estado de retiro | Estado de pérdida | Estado dañado | No para préstamo | Código de colección | Localización permanente | Ubicación/localización actual | Ubicación en estantería | Fecha de adquisición | Total de préstamos | Fecha visto por última vez | Identificador Uniforme del Recurso | Precio válido a partir de | Tipo de ítem Koha |
|---|---|---|---|---|---|---|---|---|---|---|---|---|---|
| Acceso abierto | Bib. Gregorio Torres Quintero | Bib. Gregorio Torres Quintero | En línea | 03/12/2024 | 03/12/2024 | https://doi.org/10.22201/iisue.20072872e.2017.23.246 | 03/12/2024 | Artículo Electrónico |
